| 000 | 00533 a2200157 4500 | ||
|---|---|---|---|
| 999 |
_c7159 _d7159 |
||
| 020 | _a9788120724136 | ||
| 050 | _aHD 88 SAP 1994 | ||
| 100 |
_aSapru, R.K. _eauthor |
||
| 245 |
_aDevelopment administration / _cR.K. Sapru |
||
| 250 | _aSecond revised edition | ||
| 264 |
_aNew Delhi : _bSterling publishers private limited , _c1994 |
||
| 300 | _a422p.: | ||
| 500 | _aIncludes bibliographical references and index | ||
| 650 |
_aSustainable development _xadministration-environment |
||
| 942 |
_2lcc _cBK _eSecond revised edition _h88 _iSAP _kHD |
||